000 00248nam a2200109Ia 4500
008 240625s9999 xx 000 0 und d
041 _aeng
082 _a332.6457 PRI
100 _aPRING MARTIN J
245 _aBREAKING THE BLACK BOX
260 _c2008
999 _c34870
_d34870